<?xml version="1.0" encoding="UTF-8"?>
<collection xmlns="http://www.loc.gov/MARC21/slim">
 <record>
  <leader>     na                 </leader>
  <controlfield tag="001">INLIS000000000000065</controlfield>
  <controlfield tag="005">20260413101829</controlfield>
  <datafield tag="035" ind1=" " ind2=" ">
   <subfield code="a">0010-0426000064</subfield>
  </datafield>
  <controlfield tag="007">ta</controlfield>
  <controlfield tag="008">260413                g          m jpn  </controlfield>
  <datafield tag="020" ind1=" " ind2=" ">
   <subfield code="a">978-979-756-846-7</subfield>
  </datafield>
  <datafield tag="082" ind1=" " ind2=" ">
   <subfield code="a">005.3</subfield>
  </datafield>
  <datafield tag="084" ind1=" " ind2=" ">
   <subfield code="a">005.3 IRW e</subfield>
  </datafield>
  <datafield tag="100" ind1="0" ind2=" ">
   <subfield code="a">Irwan is</subfield>
   <subfield code="e">Pengarang</subfield>
  </datafield>
  <datafield tag="245" ind1="1" ind2=" ">
   <subfield code="a">Evaluasi pengontrolan sistem informasi /</subfield>
   <subfield code="c">Irwan Isa</subfield>
  </datafield>
  <datafield tag="300" ind1=" " ind2=" ">
   <subfield code="a">220 ;</subfield>
   <subfield code="c">23 cm</subfield>
  </datafield>
  <datafield tag="650" ind1=" " ind2="4">
   <subfield code="a">Program komputer</subfield>
  </datafield>
  <datafield tag="700" ind1="0" ind2=" ">
   <subfield code="a">Irwan Isa</subfield>
   <subfield code="e">Pengarang</subfield>
  </datafield>
  <datafield tag="520" ind1=" " ind2=" ">
   <subfield code="a">Automation telah memberikan peranan yang penting baik bagi instansi swasta maupun pemerintahan Di setiap perkantoran akan dapat terlihat bahwa komputer memegang peranan sangat penting dalam melakukan tugas perkantoran Dengan meningkatnya transaksi teknik baru untuk pemrosesan secara otomatis dan luasnya interaksi antarsistem maka instansi instansi terkait sangat tergantung dengan otomatisasi Meningkatnya ketergantungan dengan kemajuan teknologi menyebabkan risiko ancaman keamanan terhadap otomatisasi dan komputerisasi semakin meningkat dan kebutuhan akan tindakan keamanan yang efektif semakin meningkat Sudah tidak asing lagi untuk diketahui bahwa pergerakan di bidang teknologi berjalan sangat pesat sehingga sistem sekuriti yang pada awalnya telah dirancang dengan baik mungkin saat ini sudah tidak seaman seperti beberapa tahun yang lalu Sistem informasi beserta informasi di dalamnya adalah aset paling besar dan penting yang patut dilindungi diawasi dan dikontrol Oleh karena itu sangatlah berguna apabila keamanan sistem beserta sistem pengontrolannya setiap berapa tahun lebih sering lebih baik dievaluasi dan diperbaiki atau ditingkatkan di mana perlu Buku ini lebih memfokuskan pada kemungkinan kemungkinan ancaman terhadap sistem informasi yang dapat terjadi atau telah terjadi berdasarkan pengalaman dan best practices Automation telah memberikan peranan yang penting, baik bagi instansi swasta maupun pemerintahan. Di setiap perkantoran akan dapat terlihat bahwa komputer memegang peranan sangat penting dalam melakukan tugas perkantoran. Dengan meningkatnya transaksi, teknik baru untuk pemrosesan secara otomatis dan luasnya interaksi antarsistem maka instansi-instansi terkait sangat tergantung dengan otomatisasi. Meningkatnya ketergantungan dengan kemajuan teknologi menyebabkan risiko ancaman keamanan terhadap otomatisasi dan komputerisasi semakin meningkat dan kebutuhan akan tindakan keamanan yang efektif semakin meningkat. Sudah tidak asing lagi untuk diketahui bahwa pergerakan di bidang teknologi berjalan sangat pesat sehingga sistem sekuriti yang pada awalnya telah dirancang dengan baik, mungkin saat ini sudah tidak seaman seperti beberapa tahun yang lalu. Sistem informasi beserta informasi di dalamnya adalah aset paling besar dan penting yang patut dilindungi, diawasi, dan dikontrol. Oleh karena itu, sangatlah berguna apabila keamanan sistem beserta sistem pengontrolannya setiap berapa tahun (lebih sering lebih baik) dievaluasi dan diperbaiki atau ditingkatkan di mana perlu. Buku ini lebih memfokuskan pada kemungkinan-kemungkinan ancaman terhadap sistem informasi yang dapat terjadi atau telah terjadi berdasarkan pengalaman dan best practices.</subfield>
  </datafield>
  <datafield tag="264" ind1=" " ind2=" ">
   <subfield code="a">Yogyakarta :</subfield>
   <subfield code="b">Graja Ilmu,</subfield>
   <subfield code="c">2012</subfield>
  </datafield>
  <datafield tag="336" ind1=" " ind2=" ">
   <subfield code="2">rdacontent</subfield>
   <subfield code="a">Teks</subfield>
  </datafield>
  <datafield tag="337" ind1=" " ind2=" ">
   <subfield code="2">rdamedia</subfield>
   <subfield code="a">Buku</subfield>
  </datafield>
  <datafield tag="338" ind1=" " ind2=" ">
   <subfield code="2">rdacarrier</subfield>
   <subfield code="a">Volume</subfield>
  </datafield>
  <datafield tag="990" ind1=" " ind2=" ">
   <subfield code="a">PP000132/19</subfield>
  </datafield>
 </record>
</collection>
